| 000 | 00496cam a2200193ua 4500 | ||
|---|---|---|---|
| 001 | 3060 | ||
| 008 | 111128n ii |||gr||||Z||||||eng | ||
| 020 | _a978-81-222-0424-7 | ||
| 020 | _a81-222-0424-4 | ||
| 040 | _cMAIN | ||
| 082 | _a200 | ||
| 100 |
_aRadhakrishnan, S., _eAuthor. |
||
| 245 | 1 | 1 |
_aIndian religious thought _cby S. Radhakrishnan |
| 250 | _a1st. | ||
| 260 |
_aNew delhi: _bOrient paperbacks, _c2007. |
||
| 300 |
_a168p: _c23cm. |
||
| 653 | _aIndian religious thought | ||
| 942 | _cBK | ||
| 999 |
_c2907 _d2907 |
||